000 01080cam a2200277 4500
001 WB3703-05
008 000000n2001 000 0 eng u
035 _a(Sirsi) u110431
245 _aEconomists hike growth forecasts
260 _c2001
490 _aBuilding
_v(02) 12 January 2001, 18(1)
520 _aConstruction Forecasting and Research's (CFR) report upgrades its output predictions for 2001 and 2002. Total work will reach £59.4bn in 2001, an increase of 2.5%, and is forecast to grow a further 2.5% in 2002 to £61bn. Last year, CFR predicted growth of 1.4% for 2001 and 1.9% for 2002. Also discusses Euroconstruct figures which support CFR predictions. Table.
590 _aWB
650 _aCONSTRUCTION MARKET
650 _aEUROCONSTRUCT
650 _aFORECASTS
650 _aOUTPUT
650 _aREPAIR AND MAINTENANCE
650 _aINFRASTRUCTURE SECTOR
650 _aCOMMERCIAL SECTOR
650 _aHOUSE BUILDING SECTOR
650 _aINDUSTRIAL SECTOR
650 _aEUROPE
690 _aBUILT ENVIRONMENT-CONSTRUCTION MARKET
942 _n0
999 _c65834
_d65834